000 00274nam a22001337a 4500
008 190205b xxu||||| |||| 00| 0 eng d
020 _a0471093165
041 _aeng
080 _a616.073
100 _a6
101 _aGJEN
245 _aGenes
_cLewin, B
942 _2udc
_cBK
999 _c54038
_d54038